• 首页
  • 本馆介绍
  • 公告通知
  • 最新文献
  • 馆藏检索
  • 电子资源
  • 读者导购
  • 参考咨询
  • 我的图书馆
  • 登录
  • 详细信息显示
  • 放入我的书架
  • 预约/预借图书
  • 作者相关作品
  • 分类相关作品
  • 丛书相关作品
  • 出版社相关作品

书目信息

  • 表格格式
  • 工作单格式
  • 卡片格式
题名:
吴昌硕印谱
    
 
作者: 吴昌硕 作
分册: 一  
出版信息: 杭州   西泠印社出版社  2000
页数: 一册
开本: 30cm
丛书名:
单 册:
中图分类: J292.42
科图分类:
主题词: 印谱--中国--近代 , 印谱
电子资源:
ISBN:
000 00665nam0 2200241 450
001 010060000516
005 20070807170800.50
091    @a8191.1249@b线装@dCNY680.00(全4册)
100    @a20050128e2000 em y0chiy0110 ea
101 0  @achi
102    @aCN@b330000
105    @ay z 000yy
200 1  @a吴昌硕印谱@9wu chang shuo yin pu@h一@f[吴昌硕作]
205    @a影印本
210    @a杭州@c西泠印社出版社@d2000
215    @a一册@d30cm
330    @a本书收录的是吴昌硕大师的印谱。
606 0  @a印谱@y中国@z近代
606 0  @a印谱
690    @aJ292.42@v4
701  0 @a吴昌硕@9wu chang shuo@4作
801  0 @aCN@bRENTIAN@c20070807
905    @a10447@dJ292.42@e511:1
    
    吴昌硕印谱.一/[吴昌硕作].-影印本.-杭州:西泠印社出版社,2000
    一册;30cm
    
    
    ISBN :
    本书收录的是吴昌硕大师的印谱。
●
相关链接 在E读中查询图书 在五车中查询图书 在当当中查询图书 在豆瓣中查询图书


正题名:吴昌硕印谱     索取号:J292.42/511:1         预约/预借

序号 登录号 条形码 馆藏地/架位号 状态 备注
1 0808192   208081920   古籍典藏专区/ [索取号:J292.42/511:1] 在馆    
唐山师范学院图书馆 欢迎您!
大连网信软件有限公司© 版权所有